<?xml version="1.0" encoding="UTF-8"?>
<record
    xmlns:xsi="http://www.w3.org/2001/XMLSchema-instance"
    xsi:schemaLocation="http://www.loc.gov/MARC21/slim http://www.loc.gov/standards/marcxml/schema/MARC21slim.xsd"
    xmlns="http://www.loc.gov/MARC21/slim">

  <leader>01170nam a22002537a 4500</leader>
  <datafield tag="999" ind1=" " ind2=" ">
    <subfield code="c">76333</subfield>
    <subfield code="d">76333</subfield>
  </datafield>
  <controlfield tag="005">20260311131636.0</controlfield>
  <controlfield tag="008">      s2559    th                  tha d</controlfield>
  <datafield tag="020" ind1=" " ind2=" ">
    <subfield code="a">9789744143860</subfield>
  </datafield>
  <datafield tag="040" ind1=" " ind2=" ">
    <subfield code="a">NALT</subfield>
  </datafield>
  <datafield tag="041" ind1="1" ind2=" ">
    <subfield code="a">tha</subfield>
    <subfield code="h">eng</subfield>
  </datafield>
  <datafield tag="050" ind1=" " ind2=" ">
    <subfield code="a">BF 637.S8 </subfield>
    <subfield code="b">&#xE23;477&#xE23; 2559</subfield>
  </datafield>
  <datafield tag="100" ind1="1" ind2=" ">
    <subfield code="a">&#xE23;&#xE34;&#xE14;&#xE25;&#xE35;&#xE22;&#xE4C;, &#xE21;&#xE32;&#xE23;&#xE4C;&#xE04;</subfield>
    <subfield code="9">23718</subfield>
  </datafield>
  <datafield tag="245" ind1="1" ind2="0">
    <subfield code="a">100 &#xE40;&#xE04;&#xE25;&#xE47;&#xE14;&#xE25;&#xE31;&#xE1A;&#xE1E;&#xE25;&#xE34;&#xE01;&#xE0A;&#xE35;&#xE27;&#xE34;&#xE15; &#xE21;&#xE31;&#xE48;&#xE07;&#xE04;&#xE31;&#xE48;&#xE07; &#xE23;&#xE48;&#xE33;&#xE23;&#xE27;&#xE22; &#xE41;&#xE25;&#xE30;&#xE1B;&#xE23;&#xE30;&#xE2A;&#xE1A;&#xE04;&#xE27;&#xE32;&#xE21;&#xE2A;&#xE33;&#xE40;&#xE23;&#xE47;&#xE08;&#xE41;&#xE1A;&#xE1A;&#xE44;&#xE21;&#xE48;&#xE23;&#xE39;&#xE49;&#xE08;&#xE1A;! =</subfield>
    <subfield code="b">100 big ideas to help you succeed /</subfield>
    <subfield code="c">Mark Ridley &amp; Ian Mills ; &#xE1E;&#xE34;&#xE28;&#xE21;&#xE23; &#xE2D;&#xE20;&#xE34;&#xE0A;&#xE32;&#xE15;&#xE30;&#xE1E;&#xE07;&#xE28;&#xE4C;, &#xE41;&#xE1B;&#xE25;.</subfield>
  </datafield>
  <datafield tag="260" ind1=" " ind2=" ">
    <subfield code="a">&#xE01;&#xE23;&#xE38;&#xE07;&#xE40;&#xE17;&#xE1E;&#xE2F; : </subfield>
    <subfield code="b">&#xE1A;&#xE34;&#xE2A;&#xE04;&#xE34;&#xE15;, </subfield>
    <subfield code="c">2559.</subfield>
  </datafield>
  <datafield tag="300" ind1=" " ind2=" ">
    <subfield code="a">116 &#xE2B;&#xE19;&#xE49;&#xE32; ;</subfield>
    <subfield code="b"> </subfield>
    <subfield code="c">21 &#xE0B;&#xE21;.</subfield>
  </datafield>
  <datafield tag="650" ind1=" " ind2="0">
    <subfield code="a">&#xE04;&#xE27;&#xE32;&#xE21;&#xE2A;&#xE33;&#xE40;&#xE23;&#xE47;&#xE08;</subfield>
    <subfield code="9">5759</subfield>
  </datafield>
  <datafield tag="700" ind1="1" ind2=" ">
    <subfield code="9">23719</subfield>
    <subfield code="a">Ridley, Mark </subfield>
  </datafield>
  <datafield tag="700" ind1="1" ind2=" ">
    <subfield code="9">23720</subfield>
    <subfield code="a">Mills, Ian </subfield>
  </datafield>
  <datafield tag="700" ind1="1" ind2=" ">
    <subfield code="9">23721</subfield>
    <subfield code="a">&#xE21;&#xE34;&#xE25;&#xE2A;&#xE4C;, &#xE40;&#xE2D;&#xE35;&#xE22;&#xE19;</subfield>
  </datafield>
  <datafield tag="700" ind1="0" ind2=" ">
    <subfield code="a">&#xE1E;&#xE34;&#xE28;&#xE21;&#xE23; &#xE2D;&#xE20;&#xE34;&#xE0A;&#xE32;&#xE15;&#xE30;&#xE1E;&#xE07;&#xE28;&#xE4C;</subfield>
    <subfield code="9">23722</subfield>
  </datafield>
  <datafield tag="850" ind1=" " ind2=" ">
    <subfield code="a">NALT</subfield>
  </datafield>
  <datafield tag="942" ind1=" " ind2=" ">
    <subfield code="c">GB</subfield>
    <subfield code="2">lcc</subfield>
  </datafield>
  <datafield tag="998" ind1=" " ind2=" ">
    <subfield code="j">104</subfield>
    <subfield code="k"> &#xE19;&#xE32;&#xE07;&#xE2A;&#xE32;&#xE27;&#xE2A;&#xE32;&#xE22;&#xE1D;&#xE19;  &#xE14;&#xE35;&#xE07;&#xE32;&#xE21;</subfield>
  </datafield>
  <datafield tag="952" ind1=" " ind2=" ">
    <subfield code="0">0</subfield>
    <subfield code="1">0</subfield>
    <subfield code="2">lcc</subfield>
    <subfield code="4">0</subfield>
    <subfield code="7">0</subfield>
    <subfield code="8">CGBL</subfield>
    <subfield code="a">NALT</subfield>
    <subfield code="b">NALT</subfield>
    <subfield code="d">2023-08-22</subfield>
    <subfield code="e">&#xE08;&#xE31;&#xE14;&#xE0B;&#xE37;&#xE49;&#xE2D;&#xE17;&#xE23;&#xE31;&#xE1E;&#xE22;&#xE32;&#xE01;&#xE23;</subfield>
    <subfield code="g">150.00</subfield>
    <subfield code="l">0</subfield>
    <subfield code="o">BF 637.S8 &#xE23;477&#xE23; 2559</subfield>
    <subfield code="p">3961204158</subfield>
    <subfield code="r">2023-09-20 00:00:00</subfield>
    <subfield code="v">200.00</subfield>
    <subfield code="w">2017-06-09</subfield>
    <subfield code="y">GB</subfield>
  </datafield>
</record>
